007250000a22002290004500440003300000650002300033650002400056650002000080651001000100651001300110650004400123650003400167082001900201518001100220530000800231110009000239245007000329260004900399260000900448300003000457041000800487 aIMC Applied study reportb12 aIrrigation systems aCultivation systems aStudies reports aNepal aHandetar aHandetar Irrigation System Command Area aIrrigation Management Project a631.7bIr7ccN a940118 aRep aMinistry of Water Resource, Dept. of Irrigation, Irrigation Management Project, Nepal aCropping systems study of Handetar Irrigation System command area aPokharabIrrigation Management Centre, Nepal c1990 axii,93p.bdiagrms.,tables aEng